| 000 | 00737nam1a22002291i 4500 | ||
|---|---|---|---|
| 001 | rc\264237 | ||
| 005 | 20240723214325.0 | ||
| 010 |
_a5717100116 _950000 |
||
| 035 | _a(NLR Aleph) 005624341 | ||
| 090 |
_a6521295 _c6521295 |
||
| 100 | _a20030307d1994 u |0rusy50 ca | ||
| 101 | 0 | _arus | |
| 102 | _aRU | ||
| 105 | _ay ||||||||| | ||
| 200 | 1 |
_aАвантюристы _eРоман _e[В 2 т. _eПер. с англ.] _fГарольд Роббинс |
|
| 210 |
_aСПб. _cСанкт-Петербург. о-во изящ. словесности "Грант" _d1994 |
||
| 215 | _d21 | ||
| 700 | 1 |
_aРоббинс _bГ. _f1916-1991 _gГарольд |
|
| 801 | 0 |
_aRU _bNLR _gpsbo |
|
| 801 | 1 |
_aRU _bELAR _2rusmarc |
|
| 852 |
_aNLR _j94-3/1334 |
||
| 942 | _cBOOK | ||